La máquina de hacer libritos : poesía argentina y editoriales interdependientes en la década de los noventa /

Detalles Bibliográficos
Autor principal: Moscardi, Matías, 1983- (Autor)
Formato: Electrónico eBook
Lenguaje:español
Publicado: Villa María, Córdoba, Argentina : Eduvim, 2021.
Colección:Tipos (Editorial Eduvim (Firm))
Materias:
Acceso en línea:Digitalia Hispánica

MARC

LEADER 00000nam a2200000Ii 4500
001 DIGEDUV0228
003 NyNyDIG
006 m o d
007 cr |||||||||||
008 240901s2021 ag a ob 000 0 spa d
035 |a (OCoLC)1454785451 
040 |a DGITA  |b eng  |e rda  |e pn  |c DGITA 
020 |a 9789876995894  |q eBook 
020 |z 9789876995870 
043 |a s-ag--- 
050 1 4 |a Z231.5.L5 ebook 
100 1 |a Moscardi, Matías,  |d 1983-  |e author. 
245 1 3 |a La máquina de hacer libritos :  |b poesía argentina y editoriales interdependientes en la década de los noventa /  |c Matías Moscardi. 
264 1 |a Villa María, Córdoba, Argentina :  |b Eduvim,  |c 2021. 
300 |a 1 online resource :  |b illustrations. 
336 |a text  |b txt  |2 rdacontent 
337 |a computer  |b c  |2 rdamedia 
338 |a online resource  |b cr  |2 rdacarrier 
347 |a text file  |2 rdaft 
347 |b EPUB 
504 |a Includes bibliographical references. 
588 0 |a Online resource; title from ePub title page (Digitalia, viewed September 1, 2024) 
650 0 |a Small presses  |z Argentina. 
650 0 |a Publishers and publishing  |z Argentina. 
650 0 |a Argentine poetry  |y 20th century  |x Publishing. 
776 0 8 |i Print version:  |a Moscardi, Matías, 1983-  |t Máquina de hacer libritos.  |d Villa María, Córdoba, Argentina : Eduvim, 2021  |z 9789876995870 
791 2 |a Digitalia (Firm),  |e distributor. 
793 0 |g Digitalia eBook Collection:  |a Ediciones Eduvim 
830 0 |a Tipos (Editorial Eduvim (Firm)) 
856 4 0 |3 Digitalia Hispánica  |u https://www.digitaliapublishing.com/a/158220/ 
910 |a Premium collection: 2024